00743nam a2200253 a 450000100060000000300090000600500170001500800410003201500210007302000150009403500150010904000280012404100080015204300200016008200140018010000410019424500680023525000260030326000420032930000290037150400400040065000370044085200120047725360CO-ViMGA20230915232054.0141112s2004 ck r 000 u spa d ack - 2002 - xxxx a9583508332 aAHN2371 LA aCO-ViMGAbspacCO-ViMGA aspa as - ck - - - - 04a341 M65d1 aMonroy Cabra, Marco Gerardo, 1940 - 10aDerecho internacional público / cMarco Gerardo Monroy Cabra. a6a. ed. actualizada. aBogotá : bEditorial Temis, c2011. axxxiii, 812 p. ; 24 cm. aIncluye bibliografías e índice.14aDerecho internacional público. 1.908.96